Southville International School and Colleges
Your cart is empty.
  • Cart
  • Lists
    Public lists list_1 View all
    Your lists Log in to create your own lists
  • Log in to your account
  • Your cookies
  • Search history
Southville International School and Colleges
  • Advanced search
  • Recent comments
  • Most popular
  • Libraries

Log in to your account

Log in with GOOGLE


If you do not have an external account, but do have a local account, you can still log in:

  1. Home
  2. MARC view: Nourishment of life :
Normal view MARC view ISBD view

Nourishment of life : (Record no. 288552)

[ view plain ]
MARC details
000 -LEADER
fixed length control field 00959cam a2200301 a 4500
001 - CONTROL NUMBER
control field 4233378
003 - CONTROL NUMBER IDENTIFIER
control field PILC
005 - DATE AND TIME OF LATEST TRANSACTION
control field 20150828070558.0
008 - FIXED-LENGTH DATA ELEMENTS--GENERAL INFORMATION
fixed length control field 850613s1982 cc a b 000 0 eng
010 ## - LIBRARY OF CONGRESS CONTROL NUMBER
LC control number 82191143
020 ## - INTERNATIONAL STANDARD BOOK NUMBER
International Standard Book Number 9620730275 :
Terms of availability HK$30.00
040 ## - CATALOGING SOURCE
Original cataloging agency DLC
Transcribing agency DLC
Modifying agency DLC
043 ## - GEOGRAPHIC AREA CODE
Geographic area code a-ch---
-- n-us-ca
050 00 - LIBRARY OF CONGRESS CALL NUMBER
Classification number RA 563.C54
Item number .K66 1982
082 00 - DEWEY DECIMAL CLASSIFICATION NUMBER
Classification number 613/.089951
100 1# - MAIN ENTRY--PERSONAL NAME
Personal name Koo, Linda Chih-ling.
245 10 - TITLE STATEMENT
Title Nourishment of life :
Remainder of title health in Chinese society /
Statement of responsibility, etc by Linda Chih-ling Koo.
250 ## - EDITION STATEMENT
Edition statement 1st edition.
260 ## - PUBLICATION, DISTRIBUTION, ETC. (IMPRINT)
Place of publication, distribution, etc Hong Kong :
Name of publisher, distributor, etc Commercial Press,
Date of publication, distribution, etc 1982.
300 ## - PHYSICAL DESCRIPTION
Extent 196 pages :
Other physical details illustrations ;
Dimensions 22 cm.
500 ## - GENERAL NOTE
General note Includes bibliographical references.
650 #0 - SUBJECT ADDED ENTRY--TOPICAL TERM
Topical term or geographic name as entry element Chinese
General subdivision Health and hygiene.
650 #0 - SUBJECT ADDED ENTRY--TOPICAL TERM
Topical term or geographic name as entry element Health behavior
Geographic subdivision Taiwan.
650 #0 - SUBJECT ADDED ENTRY--TOPICAL TERM
Topical term or geographic name as entry element Health behavior
Geographic subdivision California
-- San Francisco.
650 #0 - SUBJECT ADDED ENTRY--TOPICAL TERM
Topical term or geographic name as entry element Medicine, Chinese.
906 ## - LOCAL DATA ELEMENT F, LDF (RLIN)
a 7
b cbc
c orignew
d 3
e ncip
f 19
g y-gencatlg
942 ## - ADDED ENTRY ELEMENTS (KOHA)
Source of classification or shelving scheme Library of Congress Classification
Koha item type Books
Call number prefix Foreign
Holdings
Withdrawn status Lost status Source of classification or shelving scheme Damaged status Home library Current library Shelving location Date acquired Source of acquisition Total Checkouts Full call number Barcode Date last seen Price effective from Koha item type
    Library of Congress Classification   Archives Archives   08/28/2015 Donation   RA 563.C54 .K66 1982 C19855 04/22/2017 08/28/2015 Books

Nourishment of life :

APA

Koo L. C., . (1982). Nourishment of life. Hong Kong: Commercial Press.

Chicago

Koo Linda Chih-ling, . 1982. Nourishment of life. Hong Kong: Commercial Press.

Harvard

Koo L. C., . (1982). Nourishment of life. Hong Kong: Commercial Press.

MLA

Koo Linda Chih-ling, . Nourishment of life. Hong Kong: Commercial Press. 1982.

  • Place hold
  • Print
  • Cite
  • Add to your cart (remove)
  • Save record
    BIBTEX Dublin Core MARCXML MARC (non-Unicode/MARC-8) MARC (Unicode/UTF-8) MARC (Unicode/UTF-8, Standard) MODS (XML) RIS
  • More searches
    Search for this title in:
    Other Libraries (WorldCat) Other Databases (Google Scholar) Online Stores (Bookfinder.com) Open Library (openlibrary.org)

Exporting to Dublin Core...

SOUTHVILLE LIBRARY

Southville International School and Colleges Library

1281 Tropical Ave. Cor. Luxembourg St., BF Homes International, Las Pinas City

Tel. No. 8256374 / 252358 Loc. 117/146

Powered by Koha